Undertale Characters - Statistics

General Stats
  • This quiz has been taken 73 times
    2 since last reset
  • The average score is 34 of 76
Answer Stats
Picture Hint Answer % Correct
This seahorse has a lot of HP (Horsepower). Aaron
100%
Alphys
100%
Annoying Dog
100%
Asgore Dreemurr
100%
Legendary being made of every SOUL in the Underground. The Absolute GOD of Hyperdeath! Asriel Dreemurr
100%
Bratty
100%
Catty
100%
Chara
100%
ts future looks brighter and brighter Final Froggit
100%
Flowey
100%
Frisk
100%
Life is difficult for this enemy. Froggit
100%
It's so excited that it thinks fighting is just play. Greater Dog
100%
Looks like free EXP. Monster Kid
100%
This monster doesn't seem to have a sense of humor... Napstablook
100%
Onionsan
100%
He likes to say: "Nyeh heh heh! Papyrus
100%
The easiest enemy. Can only deal 1 damage. Sans
100%
Loves to pet cute humans. But you're allergic! Temmie
100%
Knows best for you. Toriel
100%
The heroine that NEVER gives up. Undyne
100%
W.D. Gaster
100%
Bird That Carries You Over a Disproportionately Small Gap
50%
Husband. Knows only what he smells. Dogamy
50%
This puppy finds her hubby lovely. SMELLS ONLY? Dogaressa
50%
A cotton heart and a button eye You are the apple of my eye. Dummy
50%
Gerson Boom
50%
Grillby
50%
This teen wonders why it isn't named 'Ice Hat. Ice Cap
50%
Inn Keeper
50%
Everyone knows. Jerry
50%
Lemon Bread
50%
Wields a stone dogger made of pomer-granite. Lesser Dog
50%
Because they're a ghost, physical attacks will fail. Mad Dummy
50%
This enemy can only speak in magic words. Madjick
50%
His weak point is his heart-shaped core. Mettaton
50%
Stereotypical: Curvaceously attractive, but no brains... Moldsmal
50%
If she invites you to her parlor, excuse yourself. Muffet
50%
Nice Cream Guy
50%
This relentless future finally looks brighter and brighter. Reaper Bird
50%
Snowdin Shopkeeper
50%
This teen comedian fights to keep a captive audience. Snowdrake
50%
Snowman
50%
This creature is definitely in the wrong time and space! So Sorry
50%
Seems mean, but does it secretly like you? Tsunderplane
50%
This humble germophobe seeks to cleanse the whole world. Woshua
50%
This relentless bully ALWAYS gets its way. Astigmatism
0%
Burgerpants
0%
Rebels against everything!! Looking for its friend Snowy. Chilldrake
0%
Easily excited by movement. Hobbies include: squirrels. Doggo
0%
Art lets your wildest fantasies come to life! Doodlebog
0%
It's unclear how many dogs this counts as. Endogeny
0%
Refuses to give more details about its statistics. Glyde
0%
Some teens "decorated" it as a prank. Gyftrot
0%
Heats Flamesman
0%
This megaton mercenary wields the Good Morningstar. Knight Knight
0%
Don't pick on him. Family name: Eyewalker Loox
0%
Mew Mew 2: Mew Mew's Pissed Off And Ready To Mew! Mad Mew Mew
0%
No data available. Memoryhead
0%
It seems evil, but it's just with the wrong crowd... Migosp
0%
This messed-up clownbug thinks battle's a performance. Migospel
0%
One size greater than Moldaverage. Moldbygg
0%
Can't decide on a face. Can't see friend from foe. Moldessa
0%
MTT Resort Janitor
0%
This cobrafied carrot has a headful of tasty snakes. Parsnik
0%
This mischievous monster is never warm enough. Pyrope
0%
River Person
0%
Royal Guard member with shining, polished armor. Royal Guard 01
0%
Royal Guard member with stuffy armor. Royal Guard 02
0%
Tone deaf. She's too ashamed to sing her deadly song. Shyren
0%
Snowdrake's Father
0%
Seems like it's losing itself. Snowdrake's Mother
0%
Serving Size: 1 Monster Not monitored by the USDA. Vegetoid
0%
Mistakenly believes its lava can heal people. Vulkin
0%
It finally stopped worrying. Whimsalot
0%
This monster is too sensitive to fight... Whimsun
0%
No matching quizzes found
Score Distribution
Percent of People with Each Score
Percentile by Number Answered
Your Score History
You have not taken this quiz since the last reset